Cartilha

Gespeichert in:
Bibliographische Detailangaben
1. Verfasser: Manuel António Janeiro ACABADO
Format: keine Angabe
Sprache:Portugiesisch
Erschienen: Lisboa Gomes e Rodrigues 1940
Katalog:MANES:  Suchergebnis im Bibliothekskatalog
Schulbuchspezifische Eigenschaften:
Tags: Tag hinzufügen
Keine Tags, Fügen Sie den ersten Tag hinzu!
Hinzugefügt zu:26.04.2016
Geändert in:25.04.2025

MARC

LEADER 000000000a22000000004500
001 36937
003 OSt
005 20250425110758.0
008 160427s po ||||| |||| 00| 0 por d
041 |a Portugués 
561 |5 pt-MJD  |a Portugal. Museu João de Deus  |k MANES 
691 |a PRI 
100 1 |a Manuel António Janeiro ACABADO  |9 19013 
245 0 0 |a Cartilha 
260 3 |a Lisboa  |b Gomes e Rodrigues  |c 1940 
300 |a 104 p.  |c 18 cm 
500 |a Registro Topográfico: 5852 
690 |a EyL 
942 |2 ddc  |c BK 
546 |a Portugal 
999 |c 40396  |d 40396 
999 |c manes:40396  |d 40396